Responses for Show #8756 - Monday, December 5, 2022

Cris Pannullo game 21.

Contestants

[<< previous game]

Ben Hebert, a shipping manager from Chicago, Illinois

Steph Martin, an editor, writer, and proofreader from Lakewood, Colorado

Cris Pannullo, a customer success operations manager from Ocean City, New Jersey (whose 20-day cash winnings total $710,865)

[next game >>]

Jeopardy! Round responses

STATE CAPITAL NICKNAMES
ANIMALS IN BOOKS
POINTING OUT DECIMALS
"OO", BOOZE!
ENTERTAINMENT AWARDS
A PACK OF LIES
    $200 16
Honolulu

Ben
    $200 26
Toto

Ben
    $200 29
.08

Cris
    $200 19
a shooter

Ben
    $200 25
Walt Disney

Ben
    $200 27
wool

Cris
    $400 6
Atlanta

Cris
    $400 22
Life of Pi

Ben
    $400 28
.0001

Cris
    $400 18
moonshine

Ben
    $400 23
the SAG Awards (Screen Actors Guild)

Ben
    $400 21
counterfeiting

Steph
    $600 5
Providence

Triple Stumper
    $600 8
Despereaux

Triple Stumper
    $600 30
.400

Cris
    $600 17
wine coolers

Ben
    $600 24
(Steph: What are the Bullwinkles?)

the Annies

Steph
Triple Stumper
    $600 20
underhanded

Ben
    $800 4
Austin

Steph
    $800 7
(Mr.) Toad

Steph
    $800 11
3.14159

Cris
    $800 2
Grey Goose

Cris
    $800 10
(Mark) Twain

Cris
    $4,800 12
smoke & mirrors

Cris
    $1000 3
Indianapolis

Cris
    $1000 9
(Ken: Yes, got one for Lentil.)

Watership Down

Cris
    $1000 13
(Ben: What is 2.0?)
(Cris: What is 2.5?)

2.3

CrisBen
Triple Stumper
    $1000 1
Boodles Gin

Triple Stumper
    $1000 15
a Juno

Ben
    $1000 14
(Cris: What is "A Little White Lie"?)
(Ken: N--)
...
(Ken: Yes, you got it in time.)

"Little White Lies"

Cris

Scores at the first commercial break (after clue 15):

Cris Steph Ben
$9,600 $1,600 $0

Scores at the end of the Jeopardy! Round:

Cris Steph Ben
$11,000 $1,400 $3,200

Double Jeopardy! Round responses

HISTORY ON THE DOUBLE
MYTH
TREE TIME
LET'S PLAY QUARTERS
MUSICALS BY FEMALE ROLES
STARTS OR ENDS WITH X
    $400 28
the Monitor & the Merrimack

Cris
    $400 22
Midas

Cris
    $400 24
bats

Cris
    $400 30
a Quarter Pounder

Ben
    $400 26
Chicago

Cris
    $400 20
detox

Steph
    $800 17
Elba & St. Helena

Cris
    $7,000 18
the Minotaur

Cris
    $800 27
mesquite

Ben
    $800 29
hands

Ben
    $800 25
Annie

Ben
    $800 21
Xerxes

Ben
    $1200 7
Hong Kong & Macau

Cris
    $1200 5
Odin

Cris
    $1200 15
an (slippery) elm

Ben
    $1200 11
the French Quarter

Ben
    $1200 14
Cabaret

Cris
    $1200 2
(Steph: What is flummox?)

lummox

StephBen
    $1600 6
Peary & Henson

Cris
    $1600 4
(Ben: Who is Anubis?)
...
(Ken: It's a different death god--[*].)
...
(Ben: Too many death gods in Egypt--MYTH for $1200.)

Osiris

Ben
Triple Stumper
    $1600 8
cannonball

Ben
    $1600 10
treason

Ben
    $1600 9
Dreamgirls

Cris
    $1600 1
(Ben: What is perplex?)

to transfix

Ben
Triple Stumper
    $2,000 19
(Cris: Uh, who are Troilus and--who are [*]?)
(Ken: [*] is correct, yes, we didn't need Troilus; it's not a threesome.)

Antony & Cleopatra

Cris
    $2000 16
Quetzalcoatl

Cris
    $2000 23
the pine

Cris
    $2000 13
Philadelphia

Ben
    $2000 3
Rent

Triple Stumper
    $2000 12
Xinjiang

Triple Stumper

Scores at the end of the Double Jeopardy! Round:

Cris Steph Ben
$33,200 $600 $12,400
(lock game)

[wagering suggestions for these scores]

Final Jeopardy! Round responses

LANDMARKS
(Ken: [To Steph] Came down in 1989.)
...
(Ben: [Whispers] Not even close.)
(Ken: It's [*] of Paris, maybe.)
StephWhat is the Berlin Wall?
$100
BenWhat is The Bastille?
$11,750
CrisWhat is Berlin Wall
$4,221
the Berlin Wall

Final scores:

Cris Steph Ben
$37,421 $700 $650
21-day champion: $748,286 2nd place: $2,000 3rd place: $1,000

Game dynamics:

Coryat scores:

Cris Steph Ben
$23,000 $600 $12,400
26 R
(including 3 DDs),
1 W
4 R,
2 W
21 R,
3 W

Combined Coryat: $36,000

[game clues] [game scores] [suggest correction]

Game tape date: 2022-10-12
The J! Archive is created by fans, for fans. Scraping, republication, monetization, and malicious use prohibited; this site may use cookies and collect identifying information. See terms. The Jeopardy! game show and all elements thereof, including but not limited to copyright and trademark thereto, are the property of Jeopardy Productions, Inc. and are protected under law. This website is not affiliated with, sponsored by, or operated by Jeopardy Productions, Inc. Join the discussion at JBoard.tv.